LIBRARY & INFORMATION CENTRE, KCAET, TAVANUR

ONLINE PUBLIC ACCESS CATALOGUE (OPAC)

Worked examples in direct current for engineering students / (Record no. 1972)

MARC details
000 -LEADER
fixed length control field 00408cam a2200157ua 4500
003 - CONTROL NUMBER IDENTIFIER
control field OSt
008 - FIXED-LENGTH DATA ELEMENTS--GENERAL INFORMATION
fixed length control field 241223b |||||||| |||| 00| 0 eng d
041 ## - LANGUAGE CODE
Language code of text/sound track or separate title eng
082 ## - DEWEY DECIMAL CLASSIFICATION NUMBER
Classification number 621.3132
Item number FRE/WO
100 ## - MAIN ENTRY--AUTHOR NAME
Personal name Freeman, P.J .
245 ## - TITLE STATEMENT
Title Worked examples in direct current for engineering students /
250 ## - EDITION STATEMENT
Edition statement 1 /
260 ## - PUBLICATION, DISTRIBUTION, ETC. (IMPRINT)
Place of publication :
Name of publisher Asia Publishing House ,
Year of publication 1966.
300 ## - PHYSICAL DESCRIPTION
Number of Pages 138 ; .
942 ## - ADDED ENTRY ELEMENTS (KOHA)
Koha item type Books
Holdings
Withdrawn status Lost status Damaged status Home library Current library Date acquired Full call number Accession Number Koha item type
      KAUAET KAUAET 07/04/2012 621.3132 FRE/WO 12173 Books
free website counter